000 00857nam 22002293 4500
001 202438
010 _a972-20-1678-4
021 _aPT
_b161 871/01
090 _a202438
100 _a20260602d u||y0pory50 ba
200 _aTrevas brancas ; Fechado aos Domingos ; A maçã de Adão ; Macacos no sótão
_fPedro Bandeira Freire
_gPrefácio de Luiz Francisco Rebello
210 _aLisboa
_cSociedade Portuguesa de autores
_cPublicações Dom Quixote
_d2001
215 _a356 p.
_cbrochado
_d21 cm
225 _aAutores de língua portuguesa
300 _aContém dedicatória na folha de rosto
606 _924
_aLiteratura Portuguesa
_xTeatro
675 _a821.134.3-2"19"
_vPT
_zpor
700 _95404
_aFreire
_bPedro Bandeira
_f1939-2008
702 _98630
_aRebello
_bLuís Francisco
801 _aPT
_bBMMN
_gRPC
830 _cAna Falardo
_fAna Falardo
990 _cLIVROS